00370nam a2200145Ia 450000500170000002000550001708200120007210000260008424500420011026000260015230000100017865000140018894200070020299900150020920250816125924.0 a8131500519 (paperback) | 9788131500514 (paperback) a543 FUN aSkoog, Douglas A9139 0aFundamentals of analytical chemistry  aIndia:bThomsonc2004 a1051p achemistry cBK c4316d4316